10 Najlepszych strzelców La Liga - Statystyki

Ogólne statystyki
  • Ten quiz został rozwiązany 53 razy
  • Średni wynik to 5 z 10
Statystyki odpowiedzi
Gole Piłkarz % Poprawnych
311 Cristiano Ronaldo
100%
474 Lionel Messi
100%
238 Karim Benzema
84%
228 Raul
68%
227 Alfredo di Stefano
66%
234 Hugo Sanchez
24%
254 Telmo Zarra
10%
221 Cesar Rodriguez
8%
219 Quini
6%
213 Pahino
4%
Nie znaleziono quizów pasujących do podanych kryteriów
Rozkład punktacji
Procent ludzi z każdym wynikiem
Percentyl według liczby udzielonych odpowiedzi
Twoja historia wyników
Nie rozwiązałeś tego quizu